000 00698nam a2200229Ia 4500
008 191130s2002##################000#0#eng##
020 _a9780130932198
022 _a2001026710
040 _aACL
_cACL
082 _a621.381023 REI
100 _aReis, Ronald A
245 _aBecoming an electronics technician : securing your high-tech future
_cRonald A. Reis
250 _a4th ed
260 _aUpper Saddle River, NJ
_bPrentice Hall
_cc2002
300 _axiii, 348 p. : ill. ; 23 cm.
500 _aIncludes index
650 _aElectronic technicians
650 _aElectronics - Vocational guidance
990 _a2ec9f9bbac10000c27cb7183327cf032
991 _a149619
999 _c113040
_d113040